Don't Sweat Small Stuff (Record no. 369165)
[ view plain ]
| 000 -LEADER | |
|---|---|
| fixed length control field | 01108 a2200169 4500 |
| 003 - CONTROL NUMBER IDENTIFIER | |
| control field | OSt |
| 005 - DATE AND TIME OF LATEST TRANSACTION | |
| control field | 20251128152220.0 |
| 008 - FIXED-LENGTH DATA ELEMENTS--GENERAL INFORMATION | |
| fixed length control field | 251128b |||||||| |||| 00| 0 eng d |
| 020 ## - INTERNATIONAL STANDARD BOOK NUMBER | |
| International Standard Book Number | 9781473672871 |
| 100 ## - MAIN ENTRY--PERSONAL NAME | |
| Personal name | Carlson R. |
| 9 (RLIN) | 215534 |
| 245 ## - TITLE STATEMENT | |
| Title | Don't Sweat Small Stuff |
| 250 ## - EDITION STATEMENT | |
| Edition statement | 1st ED. |
| 260 ## - PUBLICATION, DISTRIBUTION, ETC. (IMPRINT) | |
| Name of publisher, distributor, etc. | Yellow Kite |
| Date of publication, distribution, etc. | 2017 |
| Place of publication, distribution, etc. | london |
| 300 ## - PHYSICAL DESCRIPTION | |
| Extent | 202pp. |
| 520 ## - SUMMARY, ETC. | |
| Summary, etc. | So many of us would like to live our lives in a calmer and less stressful way, and be able to let go of our problems. This is the book that can show you how to stop letting the little things in life drive you crazy. Dr Richard Carlson teaches us, in his gentle and encouraging style, simple strategies for living a more fulfilled and peaceful life.We can all learn to put things in perspective, and by making the small daily changes he suggests, including surrendering to the fact that sometimes life isn't fair, and asking yourself, 'Will this matter a year from now?', Dr Richard can help everyone to see the bigger picture. Repackaged to inspire and guide a new generation, this is a Mind, Body and Spirit classic. |
| 942 ## - ADDED ENTRY ELEMENTS (KOHA) | |
| Koha item type | Books |
| Source of classification or shelving scheme | Dewey Decimal Classification |
| Withdrawn status | Lost status | Source of classification or shelving scheme | Damaged status | Not for loan | Collection code | Home library | Current library | Date acquired | Vendor | Cost, normal purchase price | Total Checkouts | Barcode | Date last seen | Date last checked out | Cost, replacement price | Bill Date | Koha item type | Original Barcode |
|---|---|---|---|---|---|---|---|---|---|---|---|---|---|---|---|---|---|---|
| Dewey Decimal Classification | BCA | MKSSS s K.B. Joshi Institute of Information Technology Library | MKSSS s K.B. Joshi Institute of Information Technology Library | 27/11/2025 | 8 | 299.25 | 3 | KBJP-BK-2836 | 16/03/2026 | 06/03/2026 | 399.00 | 27/11/2025 | Books | 2836 |